Skład Liverpool 2024/25 - Statystyki

Ogólne statystyki
  • Ten quiz został rozwiązany 844 razy
  • Średni wynik to 18 z 25
Statystyki odpowiedzi
Zawodnik Wiek Pozycja Narodowość Wartość % Poprawnych
Alisson 31 Bramkarz Brazylia 28,00 mln €
98%
Virgil van Dijk  33 Środkowy obrońca Holandia 30,00 mln €
95%
Mohamed Salah 32 Prawy napastnik Egipt 55,00 mln €
92%
Ibrahima Konaté 25 Środkowy obrońca Francja 45,00 mln €
89%
Andrew Robertson 30 Lewy obrońca Szkocja 30,00 mln €
88%
Darwin Núñez 25 Środkowy napastnik Urugwaj 70,00 mln €
88%
Luis Díaz 27 Lewy napastnik Kolumbia 75,00 mln €
86%
Trent Alexander-Arnold 25 Prawy obrońca Anglia 70,00 mln €
86%
Cody Gakpo 25 Lewy napastnik Holandia 55,00 mln €
85%
Diogo Jota 27 Lewy napastnik Portugalia 50,00 mln €
84%
Dominik Szoboszlai 23 Środkowy pomocnik Węgry 75,00 mln €
82%
Alexis Mac Allister 25 Środkowy pomocnik Argentyna 75,00 mln €
77%
Wataru Endo 31 Defensywny pomocnik Japonia 13,00 mln €
77%
Joe Gomez 27 Środkowy obrońca Anglia 28,00 mln €
75%
Ryan Gravenberch 22 Środkowy pomocnik Holandia 35,00 mln €
72%
Caoimhín Kelleher 25 Bramkarz Irlandia 20,00 mln €
71%
Konstantinos Tsimikas 28 Lewy obrońca Grecja 22,00 mln €
70%
Conor Bradley 21 Prawy obrońca Irlandia Północna 15,00 mln €
65%
Curtis Jones 23 Środkowy pomocnik Anglia 35,00 mln €
61%
Jarell Quansah 21 Środkowy obrońca Anglia 22,00 mln €
52%
Stefan Bajcetic 19 Defensywny pomocnik Hiszpania 11,00 mln €
45%
Harvey Elliott 21 Środkowy pomocnik Anglia 35,00 mln €
43%
Vitezslav Jaros 23 Bramkarz Czechy 5,00 mln €
42%
Ben Doak 18 Prawy napastnik Szkocja 10,00 mln €
40%
Nathaniel Phillips 27 Środkowy obrońca Anglia 3,50 mln €
19%
Nie znaleziono quizów pasujących do podanych kryteriów
Rozkład punktacji
Procent ludzi z każdym wynikiem
Percentyl według liczby udzielonych odpowiedzi
Twoja historia wyników
Nie rozwiązałeś tego quizu